[Event "Turkish Cup 2022"]
[Site "Sakarya"]
[Date "2022.03.28"]
[Round "5.20"]
[White "Vursan, Emre Can"]
[Black "Tarhan, Adar"]
[Result "0-1"]
[WhiteElo "1741"]
[BlackElo "2125"]
[Annotator "TA"]
[PlyCount "65"]
[EventDate "2022.03.25"]
[EventType "swiss"]
[EventCountry "TUR"]
[SourceTitle "playchess.com"]
[Source "ChessBase"]
[SourceQuality "1"]

{[%evp 10,65,-18,-17,-17,-28,-6,-3,-11,-12,0,-4,62,43,85,50,102,98,90,72,69,55,91,-58,-32,-53,123,133,156,160,231,216,233,244,217,214,233,285,255,95,93,16,13,9,52,-108,-77,-254,-179,-601,-567,-975,-971,-1154,-1175,-1039,-843,-1125]} 1. e4 e5 2. Nf3 Nc6 3. Nc3 Nf6 4. Bb5 Nd4 5. Ba4 c6 6. d3 a5 {C48: Four Knights: 4 Bb5, replies other than 4...Bb4.} 7. a3 b5 8. Bb3 Nxb3 {The position is equal.} 9. cxb3 {[#]} Qc7 $146 ({Predecessor:} 9... d6 10. d4 exd4 11. Nxd4 Bd7 12. Qf3 Ng4 13. O-O Qf6 14. Nf5 h5 15. Re1 g6 16. Nxb5 {1-0 (92) Dzhumaev,M (2510)-Aagaard,J (2525) Tromsoe 2014}) 10. O-O Bc5 (10... Be7 $11) 11. Bg5 Qd6 {Prevents d4.} (11... Be7 $14) 12. Ne2 {[%cal Bc3e2,Be2g3,Bg3f5][%mdl 32] And now d4 would win.} Bb6 (12... h6 $14 13. Bxf6 Qxf6) 13. Ng3 $1 $16 O-O 14. Nf5 Qe6 15. Qd2 $1 Bb7 16. N3h4 {Pair of Knights!} (16. Be3 $16 Bc7 17. Ng5 Qxb3 18. Bc5) 16... Kh8 (16... Qxb3 $2 17. Bxf6 Qe6 18. Bxg7 $18) 17. Kh1 d5 $2 (17... Qxb3 $2 18. Bxf6 Bd8 19. Bxg7+ Kg8 20. Bxe5 $18) (17... Nh5 $15 {keeps the upper hand.}) 18. f4 $1 {[%cal Of5g7]} dxe4 {[%cal Oe4e3] Threatens to win with ...e3!} 19. fxe5 Ng4 (19... Qxe5 $2 20. d4 Bxd4 21. Qxd4 Qxd4 22. Nxd4) (19... Nd7 $16) 20. Qf4 $1 $18 f6 (20... Nxe5 $2 21. Nxg7 $1 {[%mdl 512]} Nxd3 22. Nxe6 $18) 21. Qxg4 {[%cal Og5f6] Threatening mate with Bxf6!} fxg5 22. Qxg5 {[%csl Gf5][%cal Rg5g7]} Rf7 (22... Qxe5 $2 23. Ng6+ $1 {[%mdl 512]} (23. Qh5 Rf6 $17) 23... hxg6 24. Qh4+ Kg8 25. Ne7+ Qxe7 26. Qxe7 $18) 23. Nd6 ({Don't take} 23. dxe4 $6 Qxe5 24. Rf3 (24. Qh5 Qe8 $16) 24... Qe6) 23... Rd7 24. Rf4 $2 ({Resist} 24. Nxe4 c5 25. Nf6 gxf6 26. Rxf6 Rg8 27. Rxe6 Rxg5 $18) (24. dxe4 $18 {has better winning chances. Strongly threatening Qf5.} Ba6 25. Qf4) 24... Be3 $16 (24... Qxb3 $2 25. Raf1 Kg8 26. Nxe4 $18) 25. Raf1 (25. Qg4 $16 Qxg4 26. Rxg4) 25... Bxf4 $11 26. Qxf4 exd3 (26... e3 $11) 27. Nf3 $2 (27. Ne4 $1 $14 {was forced to keep a grip.} Rd4 28. Nf3 Rxe4 29. Qxe4) 27... h6 (27... Qxb3 $2 28. Ng5 h6 {[#]} 29. Qf5 $1 hxg5 30. Qxd7 $18) 28. Nd4 $2 {This move loses the game for White.} (28. b4 $17 {was called for.}) 28... Qg6 29. e6 $2 (29. Qg3 Qxg3 30. hxg3) 29... c5 $1 $19 {[%csl Gb7,LRd4,LRg2][%cal Rg6g2] Black is clearly winning.} 30. Nxb7 Rxd4 31. Qd2 Qxe6 {aiming for ...Qe2.} 32. Nxc5 Qe2 {[%cal Re2f1]} 33. Qd1 {Weighted Error Value: White=0.81/Black=0.34} 0-1

[Event "Turkish Cup 2022"]
[Site "Sakarya"]
[Date "2022.03.28"]
[Round "5.21"]
[White "Gursu, Sungur"]
[Black "Isilak, Enes"]
[Result "0-1"]
[WhiteElo "1562"]
[BlackElo "2125"]
[Annotator "TA"]
[PlyCount "110"]
[EventDate "2022.03.25"]
[EventType "swiss"]
[EventCountry "TUR"]
[SourceTitle "playchess.com"]
[Source "ChessBase"]
[SourceQuality "1"]

{[%evp 11,110,0,20,19,14,4,8,0,6,-98,-102,-83,-89,-411,-396,-397,-405,-379,-366,-405,-406,-468,-116,-98,0,-56,-47,-47,172,218,187,166,168,171,186,200,188,-133,-133,-206,-203,-211,-137,-117,-48,-67,-69,-65,-69,-100,-113,-207,-118,-122,-125,-120,-116,-116,-117,-126,-119,-121,-116,-127,-116,-108,-120,-147,-157,-191,-187,-291,-293,-278,-277,-284,-280,-318,-297,-420,-404,-472,-444,-844,-812,-1527,-729,-706,-681,-824,-761,-29969,-29971,-29981,-29979,-29984,-29981,-29980,-29978,-29982,-5021]} 1. e4 e6 2. d4 d5 3. Nc3 Nf6 4. e5 Nfd7 5. f4 c5 6. Nf3 b6 7. Be3 {C11: French: Classical System: 4 e5 and 4 Bg5 dxe4.} Be7 8. Qd2 O-O 9. O-O-O {The position is equal.} c4 {[#]} 10. a3 $146 (10. f5 $11 {remains equal.}) ({Predecessor:} 10. f5 b5 11. fxe6 fxe6 12. Nxb5 Nc6 13. Bg5 Rb8 14. Bxe7 Nxe7 15. Nd6 Nf5 16. Nxf5 Rxf5 {1-0 (45) Katz,A (2419)-Berczes,D (2480) Charlotte 2018}) 10... b5 $17 11. f5 b4 12. f6 $2 {[%mdl 8192]} bxc3 $19 13. Qxc3 gxf6 14. Bh6 Re8 15. h4 Nc6 16. Bxc4 Bf8 $2 (16... dxc4 $19 {has better winning chances.} 17. Rh3 Bf8 18. Bxf8 Rxf8 19. exf6 Qxf6 20. Qxc4 Bb7) 17. Bxf8 $17 Nxf8 (17... dxc4 $17 18. Bc5 Bb7) 18. Bd3 (18. Bb5 $11 Bd7 19. Bxc6) 18... Bd7 $15 19. Qd2 Kg7 {Prevents Qh6+.} (19... fxe5 $15 {stays ahead.} 20. dxe5 f5) 20. Rh3 $1 $18 ({And not} 20. Qf4 Ng6 21. Bxg6 fxg6 $17) 20... fxe5 21. Rg3+ $1 Ng6 {Threatens to win with ...e4.} 22. dxe5 h5 (22... Kh8 23. h5 (23. Qh6 Rg8 $14) 23... Ncxe5 24. hxg6 Nxd3+ 25. Qxd3 $18) 23. Rf1 {Black must now prevent Ng5.} Nce7 24. Ng5 $2 ({White should try} 24. Rg5 $1 $18) 24... Nf5 $17 25. Bxf5 (25. Nxe6+ $17 fxe6 26. Rg5) 25... exf5 $19 26. Qxd5 Be6 27. Qf3 Qe7 ({Black should play} 27... Rb8 $1 $17 {...Qd4 is the strong threat.} 28. Nxe6+ Rxe6 29. Qxf5 Qe8) 28. Qxh5 {White threatens Qh7+ and mate.} Rh8 {Inhibits Qh7+.} 29. Nxe6+ Qxe6 {Dancing on a razor blade.} 30. Qg5 {Hoping for h5.} Qxe5 31. h5 {[#]} (31. Kb1 $17 {was necessary.}) 31... Rxh5 $3 {[%mdl 512]} 32. Qxh5 $17 Qxg3 33. Qxf5 Qe3+ 34. Kb1 Qe6 35. Qf2 Qe7 36. Qd4+ Kg8 37. Rh1 Qe5 38. Qxe5 Nxe5 {[%mdl 4096] Endgame KRN-KR} 39. Re1 f6 {[%cal Bf7f6,Bf6f5][%mdl 32]} 40. Ka2 Kf7 41. b4 (41. Re4 {was called for.}) 41... Rg8 $19 42. Re2 Rg3 43. a4 Nc4 44. a5 f5 45. Rf2 (45. Kb1 $142) 45... Ke6 46. Rf4 Ne3 47. c4 (47. b5 $142) 47... Rxg2+ 48. Kb3 Rg4 (48... Ke5 $142 49. Rh4 f4 50. Rh5+ Ke4) 49. Rf2 Nxc4 50. Ka4 Ne3 51. a6 Nd5 {Black mates.} 52. Re2+ Kd6 53. Ka5 Nxb4 54. Rd2+ Nd5 55. Rb2 Rg7 {Weighted Error Value: White=0.67/Black=0.37} (55... Nc3 $142 56. Rb4 Rxb4 57. Kxb4 Ne4 58. Kc4 f4 59. Kd4 {[#]} f3 $1 60. Ke3 f2 $1 61. Ke2 Kd5 62. Ke3 Ke5 63. Ke2 Kd4 64. Kf1 Ke3 65. Kg2 Ke2 66. Kh3 f1=Q+ 67. Kg4 Qf3+ 68. Kh4 Qg3+ 69. Kh5 Qg5#) 0-1

[Event "Turkish Cup 2022"]
[Site "Sakarya"]
[Date "2022.03.28"]
[Round "5.22"]
[White "Kandaz, Berat Efe"]
[Black "Kilic, Eray"]
[Result "0-1"]
[WhiteElo "1519"]
[BlackElo "2088"]
[Annotator "RC"]
[PlyCount "72"]
[EventDate "2022.03.25"]
[EventType "swiss"]
[EventCountry "TUR"]
[SourceTitle "playchess.com"]
[Source "ChessBase"]
[SourceQuality "1"]
[TimeControl "5400+30"]

1. d4 {[%emt 0:01:00]} Nf6 {[%emt 0:01:00]} 2. c4 {[%emt 0:00:00]} g6 {[%emt 0:00:00]} 3. Nc3 {[%emt 0:00:00]} d5 {[%emt 0:00:00]} 4. Nf3 {[%emt 0:01:30]} Bg7 {[%emt 0:00:30]} 5. Qb3 {[%emt 0:00:30]} dxc4 {[%emt 0:00:30]} 6. Qxc4 {[%emt 0:00:00]} O-O {[%emt 0:00:00]} 7. e4 {[%emt 0:00:00]} a6 {[%emt 0:00:00]} 8. Be2 {[%emt 0:00:30]} b5 {[%emt 0:00:30]} 9. Qb3 {[%emt 0:00:30]} Bb7 {[%emt 0:12:30]} 10. e5 {[%emt 0:00:30]} Ne4 {[%emt 0:00:30]} 11. Be3 {[%emt 0:03:30]} Nxc3 {[%emt 0:05:30]} 12. bxc3 {[%emt 0:02:30]} Bd5 {[%emt 0:00:30]} 13. c4 {[%emt 0:03:30]} bxc4 {[%emt 0:01:30]} 14. Bxc4 {[%emt 0:00:30]} Bxf3 {[%emt 0:01:30]} 15. gxf3 {[%emt 0:00:30]} e6 {[%emt 0:00:30]} 16. Rc1 {[%emt 0:21:30]} Nc6 {[%emt 0:11:30]} 17. Qc3 {[%emt 0:00:30]} Ne7 {[%emt 0:07:30]} 18. Ke2 {[%emt 0:02:30]} Nf5 {[%emt 0:03:30]} 19. Bd3 {[%emt 0:02:30]} Rb8 {[%emt 0:01:30]} 20. Bxa6 {[%emt 0:11:30]} Ra8 {[%emt 0:19:30]} 21. Bc4 {[%emt 0:02:30]} Qh4 {[%emt 0:01:30]} 22. Bb3 {[%emt 0:11:30]} Rfd8 {[%emt 0:02:30]} 23. Rcd1 {[%emt 0:01:30]} Ra3 {[%emt 0:11:56]} 24. Qc4 {[%emt 0:17:28]} Nxe3 {[%emt 0:02:29]} 25. fxe3 {[%emt 0:00:31]} Bh6 {[%emt 0:00:40]} 26. Rdg1 {[%emt 0:01:11]} Rb8 {[%emt 0:03:35]} 27. Rg4 {[%emt 0:04:40]} Rxa2+ {[%emt 0:03:38]} 28. Bxa2 {[%emt 0:03:19]} Rb2+ {[%emt 0:00:01]} 29. Kd3 {[%emt 0:01:00]} Qf2 {[%emt 0:00:01]} 30. Qc1 {[%emt 0:03:02]} Rxa2 {[%emt 0:01:25]} 31. Rf1 {[%emt 0:01:28]} Qe2+ {[%emt 0:01:11]} 32. Ke4 {[%emt 0:01:08]} Ra1 {[%emt 0:00:21]} 33. Re1 {[%emt 0:01:08]} Qxe1 {[%emt 0:00:09]} 34. Qxe1 {[%emt 0:01:25]} Rxe1 {[%emt 0:00:30]} 35. f4 {[%emt 0:00:30]} Bf8 {[%emt 0:00:00]} 36. Rg2 {[%emt 0:00:00]} c5 {[%emt 0:00:00]} 0-1

[Event "Turkish Cup 2022"]
[Site "Sakarya"]
[Date "2022.03.28"]
[Round "5.23"]
[White "Yavuz, Efe Metehan"]
[Black "Onem, Cem"]
[Result "1-0"]
[WhiteElo "2054"]
[BlackElo "1793"]
[Annotator "RC"]
[PlyCount "100"]
[EventDate "2022.03.25"]
[EventType "swiss"]
[EventCountry "TUR"]
[SourceTitle "playchess.com"]
[Source "ChessBase"]
[SourceQuality "1"]
[TimeControl "5400+30"]

1. d4 {[%emt 0:01:00]} d5 {[%emt 0:06:00]} 2. Nf3 {[%emt 0:00:30]} Nf6 {[%emt 0:00:00]} 3. g3 {[%emt 0:00:30]} Bf5 {[%emt 0:01:00]} 4. Bg2 {[%emt 0:00:30]} h6 {[%emt 0:00:30]} 5. c4 {[%emt 0:01:30]} c6 {[%emt 0:00:30]} 6. Qb3 {[%emt 0:01:30]} Qb6 {[%emt 0:00:00]} 7. cxd5 {[%emt 0:06:30]} Qxb3 {[%emt 0:02:00]} 8. axb3 {[%emt 0:00:30]} cxd5 {[%emt 0:00:30]} 9. Ne5 {[%emt 0:04:30]} e6 {[%emt 0:03:30]} 10. Nc3 {[%emt 0:00:30]} Bb4 {[%emt 0:00:30]} 11. Bd2 {[%emt 0:05:30]} Na6 {[%emt 0:13:30]} 12. Nb5 {[%emt 0:07:30]} O-O {[%emt 0:04:30]} 13. Bc3 {[%emt 0:21:30]} Rfc8 {[%emt 0:10:30]} 14. O-O {[%emt 0:09:30]} Be7 {[%emt 0:10:30]} 15. Nc4 {[%emt 0:05:30]} Rc6 {[%emt 0:09:30]} 16. Ne5 {[%emt 0:03:30]} Rcc8 {[%emt 0:03:30]} 17. Rfc1 {[%emt 0:02:30]} Ne8 {[%emt 0:06:30]} 18. g4 {[%emt 0:05:30]} Bh7 {[%emt 0:00:30]} 19. Bf1 {[%emt 0:02:10]} f6 {[%emt 0:08:03]} 20. Nf3 {[%emt 0:00:11]} Nd6 {[%emt 0:00:26]} 21. e3 {[%emt 0:01:15]} Nxb5 {[%emt 0:04:03]} 22. Bxb5 {[%emt 0:00:01]} Nc7 {[%emt 0:00:00]} 23. Bd7 {[%emt 0:02:01]} Rd8 {[%emt 0:00:28]} 24. Ba4 {[%emt 0:00:00]} Bd6 {[%emt 0:03:38]} 25. b4 {[%emt 0:00:34]} Bd3 {[%emt 0:02:55]} 26. Ne1 {[%emt 0:03:28]} Be2 {[%emt 0:00:58]} 27. f3 {[%emt 0:00:25]} Bb5 {[%emt 0:00:40]} 28. Bd1 {[%emt 0:00:50]} Rdc8 {[%emt 0:00:33]} 29. Kf2 {[%emt 0:01:17]} Na6 {[%emt 0:00:48]} 30. Ra5 {[%emt 0:00:40]} Nc7 {[%emt 0:01:09]} 31. Rca1 {[%emt 0:01:16]} a6 {[%emt 0:00:11]} 32. Bd2 {[%emt 0:06:29]} Rab8 {[%emt 0:01:46]} 33. Rc1 {[%emt 0:01:10]} Na8 {[%emt 0:01:13]} 34. Raa1 {[%emt 0:00:36]} Nb6 {[%emt 0:00:31]} 35. h4 {[%emt 0:02:02]} Kf7 {[%emt 0:00:58]} 36. Bc2 {[%emt 0:01:15]} Rc7 {[%emt 0:01:53]} 37. Bd3 {[%emt 0:00:21]} Nc4 {[%emt 0:01:18]} 38. Bc3 {[%emt 0:00:07]} Be7 {[%emt 0:00:21]} 39. e4 {[%emt 0:01:15]} dxe4 {[%emt 0:02:09]} 40. fxe4 {[%emt 0:00:16]} Nd6 {[%emt 0:01:15]} 41. Bc2 {[%emt 0:00:28]} Rbc8 {[%emt 0:00:00]} 42. Ke3 {[%emt 0:01:31]} f5 {[%emt 0:01:13]} 43. gxf5 {[%emt 0:00:34]} Bxh4 {[%emt 0:00:44]} 44. Nf3 {[%emt 0:00:22]} Be7 {[%emt 0:00:10]} 45. fxe6+ {[%emt 0:00:44]} Kxe6 {[%emt 0:00:16]} 46. d5+ {[%emt 0:00:18]} Kf7 {[%emt 0:00:27]} 47. Bd3 {[%emt 0:01:57]} Nc4+ {[%emt 0:00:30]} 48. Bxc4 {[%emt 0:00:30]} Bxc4 {[%emt 0:00:30]} 49. Be5 {[%emt 0:00:16]} Bd8 {[%emt 0:01:41]} 50. Bxc7 {[%emt 0:00:09]} Rxc7 {[%emt 0:00:22]} 1-0

[Event "Turkish Cup 2022"]
[Site "Sakarya"]
[Date "2022.03.28"]
[Round "5.25"]
[White "Yasin, Hur"]
[Black "Melik, Enes"]
[Result "0-1"]
[WhiteElo "1931"]
[BlackElo "1592"]
[Annotator "RC"]
[PlyCount "74"]
[EventDate "2022.03.25"]
[EventType "swiss"]
[EventCountry "TUR"]
[SourceTitle "playchess.com"]
[Source "ChessBase"]
[SourceQuality "1"]
[TimeControl "5400+30"]

1. e4 {[%emt 0:09:00]} e5 {[%emt 0:01:00]} 2. Nf3 {[%emt 0:00:30]} Nc6 {[%emt 0:00:00]} 3. d4 {[%emt 0:00:30]} exd4 {[%emt 0:00:00]} 4. Bc4 {[%emt 0:00:00]} Nf6 {[%emt 0:00:30]} 5. O-O {[%emt 0:00:00]} Nxe4 {[%emt 0:00:30]} 6. Nc3 {[%emt 0:00:00]} Nxc3 {[%emt 0:05:30]} 7. bxc3 {[%emt 0:00:00]} d5 {[%emt 0:02:30]} 8. Bb5 {[%emt 0:00:30]} Be7 {[%emt 0:06:30]} 9. Ne5 {[%emt 0:00:30]} Bd7 {[%emt 0:15:30]} 10. Nxd7 {[%emt 0:27:30]} Qxd7 {[%emt 0:02:30]} 11. cxd4 {[%emt 0:00:00]} O-O {[%emt 0:01:30]} 12. Rb1 {[%emt 0:01:00]} Bf6 {[%emt 0:11:30]} 13. Rb3 {[%emt 0:01:30]} a6 {[%emt 0:00:30]} 14. Bd3 {[%emt 0:02:30]} g6 {[%emt 0:19:30]} 15. c3 {[%emt 0:01:30]} Na5 {[%emt 0:07:30]} 16. Rb2 {[%emt 0:00:30]} Rfe8 {[%emt 0:03:30]} 17. Qf3 {[%emt 0:01:30]} Bg7 {[%emt 0:01:01]} 18. h4 {[%emt 0:00:30]} h5 {[%emt 0:02:56]} 19. Qg3 {[%emt 0:03:30]} b5 {[%emt 0:09:45]} 20. f4 {[%emt 0:03:30]} Qd6 {[%emt 0:00:24]} 21. Qf3 {[%emt 0:01:30]} f5 {[%emt 0:01:33]} 22. Re2 {[%emt 0:03:30]} Rxe2 {[%emt 0:02:03]} 23. Qxe2 {[%emt 0:00:30]} Kf7 {[%emt 0:00:17]} 24. Re1 {[%emt 0:00:30]} Qd7 {[%emt 0:00:16]} 25. a4 {[%emt 0:06:30]} Nc4 {[%emt 0:01:52]} 26. Qa2 {[%emt 0:07:30]} Re8 {[%emt 0:01:46]} 27. Rxe8 {[%emt 0:00:30]} Qxe8 {[%emt 0:00:30]} 28. Kf2 {[%emt 0:00:00]} c5 {[%emt 0:01:05]} 29. axb5 {[%emt 0:08:00]} Qxb5 {[%emt 0:00:02]} 30. Be3 {[%emt 0:01:30]} a5 {[%emt 0:00:46]} 31. Kf3 {[%emt 0:02:06]} a4 {[%emt 0:01:08]} 32. Bc2 {[%emt 0:03:06]} a3 {[%emt 0:01:37]} 33. Bd3 {[%emt 0:02:33]} cxd4 {[%emt 0:00:29]} 34. cxd4 {[%emt 0:00:35]} Qb4 {[%emt 0:00:18]} 35. Bxc4 {[%emt 0:05:42]} dxc4 {[%emt 0:00:02]} 36. d5 {[%emt 0:03:28]} Qb3 {[%emt 0:01:05]} 37. Qd2 {[%emt 0:00:30]} Bc3 {[%emt 0:00:20]} 0-1

[Event "Turkish Cup 2022"]
[Site "Sakarya"]
[Date "2022.03.28"]
[Round "5.27"]
[White "Dolek, Gokalp Deniz"]
[Black "Ozcan, Ilker"]
[Result "0-1"]
[WhiteElo "1520"]
[BlackElo "2014"]
[Annotator "RC"]
[PlyCount "92"]
[EventDate "2022.03.25"]
[EventType "swiss"]
[EventCountry "TUR"]
[SourceTitle "playchess.com"]
[Source "ChessBase"]
[SourceQuality "1"]
[TimeControl "5400+30"]

1. e4 {[%emt 0:01:00]} c5 {[%emt 0:01:00]} 2. Nf3 {[%emt 0:00:00]} Nc6 {[%emt 0:00:30]} 3. d4 {[%emt 0:00:00]} cxd4 {[%emt 0:00:30]} 4. Nxd4 {[%emt 0:00:30]} Qb6 {[%emt 0:00:30]} 5. Nb3 {[%emt 0:00:30]} Nf6 {[%emt 0:00:30]} 6. Nc3 {[%emt 0:00:00]} e6 {[%emt 0:00:00]} 7. a3 {[%emt 0:00:00]} a6 {[%emt 0:00:00]} 8. Bf4 {[%emt 0:00:00]} e5 {[%emt 0:22:30]} 9. Be3 {[%emt 0:00:00]} Qc7 {[%emt 0:01:30]} 10. g4 {[%emt 0:00:00]} h6 {[%emt 0:02:30]} 11. h4 {[%emt 0:09:00]} d6 {[%emt 0:04:30]} 12. Bh3 {[%emt 0:01:30]} Be6 {[%emt 0:12:30]} 13. Qf3 {[%emt 0:04:30]} h5 {[%emt 0:14:30]} 14. g5 {[%emt 0:03:30]} Ng4 {[%emt 0:00:30]} 15. O-O-O {[%emt 0:09:30]} Rc8 {[%emt 0:01:30]} 16. Qe2 {[%emt 0:02:30]} Ne7 {[%emt 0:07:30]} 17. f4 {[%emt 0:01:30]} exf4 {[%emt 0:02:30]} 18. Bxf4 {[%emt 0:00:30]} Ng6 {[%emt 0:01:30]} 19. Bg3 {[%emt 0:02:30]} N6e5 {[%emt 0:06:48]} 20. Nd4 {[%emt 0:01:30]} Bc4 {[%emt 0:00:43]} 21. Qd2 {[%emt 0:03:30]} g6 {[%emt 0:00:43]} 22. Bxg4 {[%emt 0:13:30]} hxg4 {[%emt 0:01:38]} 23. h5 {[%emt 0:00:30]} gxh5 {[%emt 0:04:20]} 24. Nf5 {[%emt 0:00:30]} b5 {[%emt 0:01:51]} 25. Qd4 {[%emt 0:02:30]} a5 {[%emt 0:02:15]} 26. Rh2 {[%emt 0:03:30]} Rg8 {[%emt 0:05:34]} 27. Rf2 {[%emt 0:04:30]} Qc5 {[%emt 0:02:17]} 28. Bxe5 {[%emt 0:00:30]} Qxe5 {[%emt 0:00:47]} 29. Qxe5+ {[%emt 0:00:30]} dxe5 {[%emt 0:00:30]} 30. Nd5 {[%emt 0:00:30]} Bxd5 {[%emt 0:00:08]} 31. Rxd5 {[%emt 0:00:00]} Rc5 {[%emt 0:00:18]} 32. Rfd2 {[%emt 0:00:00]} Rxd5 {[%emt 0:01:01]} 33. Rxd5 {[%emt 0:00:00]} Rxg5 {[%emt 0:00:28]} 34. Rxe5+ {[%emt 0:00:00]} Kd7 {[%emt 0:00:03]} 35. Rd5+ {[%emt 0:01:30]} Kc7 {[%emt 0:00:36]} 36. Rd3 {[%emt 0:00:30]} Bg7 {[%emt 0:01:10]} 37. Kd2 {[%emt 0:02:30]} Be5 {[%emt 0:00:53]} 38. Ke2 {[%emt 0:00:30]} Bxb2 {[%emt 0:01:44]} 39. Kf2 {[%emt 0:00:30]} b4 {[%emt 0:01:00]} 40. a4 {[%emt 0:00:30]} Rg6 {[%emt 0:00:13]} 41. Kg3 {[%emt 0:00:30]} Be5+ {[%emt 0:00:40]} 42. Kg2 {[%emt 0:00:30]} Rc6 {[%emt 0:00:59]} 43. Ne3 {[%emt 0:00:00]} Kc8 {[%emt 0:00:00]} 44. Rd5 {[%emt 0:01:00]} Bf4 {[%emt 0:00:17]} 45. Nf5 {[%emt 0:00:30]} Rxc2+ {[%emt 0:00:03]} 46. Kf1 {[%emt 0:00:30]} b3 {[%emt 0:00:23]} 0-1

[Event "Turkish Cup 2022"]
[Site "Sakarya"]
[Date "2022.03.28"]
[Round "5.28"]
[White "Akin, Kadir"]
[Black "Avsar, Gediz"]
[Result "1-0"]
[WhiteElo "1964"]
[BlackElo "1506"]
[Annotator "RC"]
[PlyCount "56"]
[EventDate "2022.03.25"]
[EventType "swiss"]
[EventCountry "TUR"]
[SourceTitle "playchess.com"]
[Source "ChessBase"]
[SourceQuality "1"]
[TimeControl "5400+30"]

1. c4 {[%emt 0:10:00]} e5 {[%emt 0:01:00]} 2. a3 {[%emt 0:00:00]} g6 {[%emt 0:09:30]} 3. b4 {[%emt 0:00:00]} Bg7 {[%emt 0:01:30]} 4. Bb2 {[%emt 0:00:30]} Ne7 {[%emt 0:02:30]} 5. g3 {[%emt 0:00:30]} O-O {[%emt 0:00:30]} 6. Bg2 {[%emt 0:00:30]} d6 {[%emt 0:03:30]} 7. d3 {[%emt 0:00:30]} c6 {[%emt 0:00:30]} 8. Nd2 {[%emt 0:00:30]} f5 {[%emt 0:03:30]} 9. Qc2 {[%emt 0:04:30]} Nd7 {[%emt 0:02:30]} 10. Ngf3 {[%emt 0:00:30]} Nf6 {[%emt 0:02:30]} 11. c5 {[%emt 0:00:30]} e4 {[%emt 0:13:30]} 12. cxd6 {[%emt 0:07:30]} Qxd6 {[%emt 0:07:30]} 13. dxe4 {[%emt 0:00:30]} fxe4 {[%emt 0:04:30]} 14. Nxe4 {[%emt 0:00:30]} Nxe4 {[%emt 0:01:30]} 15. Bxg7 {[%emt 0:00:30]} Kxg7 {[%emt 0:00:30]} 16. Qxe4 {[%emt 0:00:30]} Bf5 {[%emt 0:00:30]} 17. Qc4 {[%emt 0:02:30]} a5 {[%emt 0:04:30]} 18. O-O {[%emt 0:08:30]} Rfd8 {[%emt 0:00:30]} 19. h4 {[%emt 0:05:30]} Be6 {[%emt 0:02:30]} 20. Qc3+ {[%emt 0:00:30]} Kg8 {[%emt 0:00:30]} 21. e4 {[%emt 0:02:30]} b5 {[%emt 0:02:30]} 22. Rfc1 {[%emt 0:04:30]} Ra6 {[%emt 0:04:30]} 23. Ng5 {[%emt 0:15:30]} Bc4 {[%emt 0:00:30]} 24. Bf1 {[%emt 0:00:30]} Bxf1 {[%emt 0:00:30]} 25. Rxf1 {[%emt 0:00:30]} Qd4 {[%emt 0:01:30]} 26. Qf3 {[%emt 0:00:30]} Qc4 {[%emt 0:07:30]} 27. Qf6 {[%emt 0:00:30]} Re8 {[%emt 0:00:30]} 28. Rfc1 {[%emt 0:00:30]} Qb3 {[%emt 0:00:30]} 1-0

[Event "Turkish Cup 2022"]
[Site "Sakarya"]
[Date "2022.03.28"]
[Round "5.29"]
[White "Er, Mira"]
[Black "Ibik, Halit Yavuz"]
[Result "0-1"]
[WhiteElo "1415"]
[BlackElo "1996"]
[Annotator "RC"]
[PlyCount "104"]
[EventDate "2022.03.25"]
[EventType "swiss"]
[EventCountry "TUR"]
[SourceTitle "playchess.com"]
[Source "ChessBase"]
[SourceQuality "1"]
[TimeControl "5400+30"]

1. e4 {[%emt 0:01:00]} c5 {[%emt 0:04:00]} 2. Nf3 {[%emt 0:00:30]} d6 {[%emt 0:00:30]} 3. d4 {[%emt 0:00:30]} cxd4 {[%emt 0:00:30]} 4. Nxd4 {[%emt 0:00:30]} Nf6 {[%emt 0:00:30]} 5. Nc3 {[%emt 0:00:30]} a6 {[%emt 0:00:30]} 6. g3 {[%emt 0:00:00]} e5 {[%emt 0:00:00]} 7. Nf3 {[%emt 0:00:00]} Be7 {[%emt 0:00:00]} 8. Bg2 {[%emt 0:00:00]} O-O {[%emt 0:02:30]} 9. O-O {[%emt 0:00:00]} b5 {[%emt 0:01:30]} 10. Nd5 {[%emt 0:00:00]} Nbd7 {[%emt 0:01:30]} 11. Nd2 {[%emt 0:05:00]} Nxd5 {[%emt 0:01:30]} 12. exd5 {[%emt 0:00:30]} Nb6 {[%emt 0:02:30]} 13. f4 {[%emt 0:04:30]} Bb7 {[%emt 0:24:30]} 14. fxe5 {[%emt 0:00:30]} Bxd5 {[%emt 0:01:30]} 15. exd6 {[%emt 0:05:30]} Qxd6 {[%emt 0:00:30]} 16. Nf3 {[%emt 0:14:30]} Rad8 {[%emt 0:01:30]} 17. c3 {[%emt 0:10:30]} Qc5+ {[%emt 0:04:30]} 18. Nd4 {[%emt 0:01:30]} b4 {[%emt 0:07:30]} 19. Be3 {[%emt 0:06:30]} Bxg2 {[%emt 0:00:30]} 20. Kxg2 {[%emt 0:01:30]} bxc3 {[%emt 0:06:30]} 21. bxc3 {[%emt 0:02:30]} Qxc3 {[%emt 0:04:30]} 22. Qb3 {[%emt 0:01:30]} Qxb3 {[%emt 0:07:30]} 23. axb3 {[%emt 0:02:30]} Nd5 {[%emt 0:00:30]} 24. Bf2 {[%emt 0:00:30]} Bf6 {[%emt 0:00:30]} 25. Ra5 {[%emt 0:06:30]} Nb4 {[%emt 0:01:30]} 26. Nf5 {[%emt 0:03:30]} Rfe8 {[%emt 0:01:30]} 27. Re1 {[%emt 0:01:30]} g6 {[%emt 0:03:30]} 28. Rxe8+ {[%emt 0:07:30]} Rxe8 {[%emt 0:00:30]} 29. Nd4 {[%emt 0:00:30]} Re4 {[%emt 0:04:17]} 30. Ra4 {[%emt 0:06:34]} Nd3 {[%emt 0:00:06]} 31. Bg1 {[%emt 0:02:39]} Ne1+ {[%emt 0:01:03]} 32. Kf1 {[%emt 0:01:31]} Bxd4 {[%emt 0:00:09]} 33. Rxd4 {[%emt 0:02:52]} Rxd4 {[%emt 0:00:06]} 34. Bxd4 {[%emt 0:00:24]} Nf3 {[%emt 0:00:30]} 35. Bc5 {[%emt 0:00:06]} Nd2+ {[%emt 0:05:18]} 36. Ke2 {[%emt 0:00:53]} Nxb3 {[%emt 0:00:30]} 37. Bb6 {[%emt 0:00:00]} f5 {[%emt 0:00:04]} 38. Kd3 {[%emt 0:01:02]} a5 {[%emt 0:03:24]} 39. Kc3 {[%emt 0:00:43]} a4 {[%emt 0:00:54]} 40. Be3 {[%emt 0:01:21]} Kf7 {[%emt 0:01:30]} 41. Kb4 {[%emt 0:00:43]} Ke6 {[%emt 0:00:47]} 42. Kxa4 {[%emt 0:00:50]} Na1 {[%emt 0:00:02]} 43. Kb5 {[%emt 0:00:25]} Kd5 {[%emt 0:00:20]} 44. Kb6 {[%emt 0:00:35]} Nc2 {[%emt 0:00:48]} 45. Bf4 {[%emt 0:00:53]} Nd4 {[%emt 0:00:07]} 46. Kb7 {[%emt 0:00:10]} Ke4 {[%emt 0:02:13]} 47. Kc8 {[%emt 0:00:22]} Nf3 {[%emt 0:00:42]} 48. h3 {[%emt 0:00:18]} g5 {[%emt 0:03:28]} 49. Bd6 {[%emt 0:00:46]} f4 {[%emt 0:00:13]} 50. gxf4 {[%emt 0:01:26]} gxf4 {[%emt 0:00:30]} 51. Kd8 {[%emt 0:00:30]} Ng5 {[%emt 0:00:30]} 52. h4 {[%emt 0:00:30]} Nf7+ {[%emt 0:00:17]} 0-1